[Event "Beirut op 10th"]
[Site "Beirut"]
[Date "2019.04.30"]
[Round "5"]
[White "Berbari, Imad"]
[Black "Al Onizan, Fahad M"]
[Result "1-0"]
[WhiteElo "1666"]
[BlackElo "1822"]
[PlyCount "57"]
[EventDate "2019.04.25"]
[EventType "swiss"]
[EventRounds "9"]
[EventCountry "LBN"]
[SourceTitle "CBM 190 Extra"]
[Source "ChessBase"]
[SourceDate "2019.07.15"]
[SourceVersion "1"]
[SourceVersionDate "2019.07.15"]
[SourceQuality "1"]

1. e4 d6 2. d4 Nf6 3. Nc3 g6 4. Bf4 Bg7 5. Qd2 c6 6. 0-0-0 b5 7. f3 b4 8. Na4 h5 9. Qxb4 Nbd7 10. Bc4 Rb8 11. Qd2 Nb6 12. Nxb6 Qxb6 13. Bb3 a5 14. Qc3 Nd7 15. e5 dxe5 16. dxe5 e6 17. Nh3 0-0 18. Ng5 Nc5 19. Rd6 Ba6 20. Be3 Nxb3+ 21. axb3 Qb5 22. f4 Rbc8 23. Bc5 Rc7 24. Rhd1 Re8 25. Rd8 Rc8 26. R8d7 Bf8 27. Bxf8 Rxf8 28. Qg3 Qb6 29. Nxf7 1-0

[Event "Beirut op 10th"]
[Site "Beirut"]
[Date "2019.04.29"]
[Round "4"]
[White "Al Onizan, Fahad M"]
[Black "Khoder, Akram"]
[Result "0-1"]
[WhiteElo "1822"]
[BlackElo "1608"]
[PlyCount "96"]
[EventDate "2019.04.25"]
[EventType "swiss"]
[EventRounds "9"]
[EventCountry "LBN"]
[SourceTitle "CBM 190 Extra"]
[Source "ChessBase"]
[SourceDate "2019.07.15"]
[SourceVersion "1"]
[SourceVersionDate "2019.07.15"]
[SourceQuality "1"]

1. e4 e6 2. d4 d5 3. exd5 exd5 4. Nf3 Nf6 5. Bd3 Bd6 6. 0-0 0-0 7. Bg5 Be6 8. Nbd2 c6 9. Re1 Nbd7 10. Ne5 Qb6 11. Nxd7 Nxd7 12. Rxe6 fxe6 13. Qh5 h6 14. Qg6 Nf6 15. Bxh6 Qc7 16. Nf3 Qf7 17. Bg5 Qxg6 18. Bxg6 Nh7 19. Bh4 Bc7 20. Be7 Rfc8 21. Re1 Bd8 22. Ba3 Nf8 23. Bxf8 Kxf8 24. Rxe6 Bf6 25. g4 c5 26. c3 cxd4 27. cxd4 Rc6 28. Rxc6 bxc6 29. g5 Be7 30. b3 Bd6 31. h4 Rb8 32. Kf1 Rb6 33. Bd3 a5 34. h5 Bf4 35. Ne5 Bxe5 36. dxe5 c5 37. f4 c4 38. bxc4 dxc4 39. Bxc4 Rb4 40. Bd3 Rxf4+ 41. Ke2 Rf5 42. h6 Rxe5+ 43. Kf3 gxh6 44. Be4 hxg5 45. Bc2 Ke7 46. Kg4 Kf6 47. Bb3 a4 48. Bg8 Kg7 0-1

[Event "Beirut op 10th"]
[Site "Beirut"]
[Date "2019.04.25"]
[Round "1"]
[White "Al Onizan, Fahad M"]
[Black "Ivanov, Mikhail M"]
[Result "0-1"]
[WhiteElo "1822"]
[BlackElo "2372"]
[PlyCount "84"]
[EventDate "2019.04.25"]
[EventType "swiss"]
[EventRounds "9"]
[EventCountry "LBN"]
[SourceTitle "CBM 190 Extra"]
[Source "ChessBase"]
[SourceDate "2019.07.15"]
[SourceVersion "1"]
[SourceVersionDate "2019.07.15"]
[SourceQuality "1"]

1. e4 c5 2. Nf3 a6 3. d4 cxd4 4. Nxd4 Nf6 5. Nc3 e5 6. Nb3 Bb4 7. Bg5 h6 8. Bxf6 Bxc3+ 9. bxc3 Qxf6 10. Qd5 0-0 11. Rd1 Nc6 12. Be2 Rd8 13. Qd6 Qxd6 14. Rxd6 Kf8 15. 0-0 Ke7 16. Rfd1 Nd4 17. Nxd4 Kxd6 18. Nf5+ Kc7 19. Nd6 f6 20. a4 b6 21. Bg4 Bb7 22. Nf7 Bxe4 23. Nxd8 Rxd8 24. Rc1 Bc6 25. Be2 a5 26. Ra1 d5 27. f3 d4 28. cxd4 Rxd4 29. c4 Rd2 30. Kf2 Rb2 31. Ke3 Rb4 32. Kd2 Rxa4 33. Rxa4 Bxa4 34. Kc3 Kd6 35. Bd3 Kc5 36. h4 Bd7 37. g3 Be6 38. Be2 a4 39. Bd1 a3 40. Bb3 b5 41. cxb5 a2 42. Bxa2 Bxa2 0-1